00794nam a22002537a 45000010005000000030006000050050017000110080041000280200018000690400029000870500013001160820010001291000020001392450085001592500045002442600037002893000065003264900036003915050008004275210029004355210020004646500022004847000034005068249FISKH20250904163413.0250904b cb ||||| |||| 00| 0 eng d a9780545630528 aFISKHbengcFISKHdFISKH aVE23.G37 a359.9 aGarnett, Sammie aU.S.Marines alphabet book /cBy Sammie Garnett, jerry Pallotta and Vikie Fraser  aFirst Scholastic printing, November 2014 aNew York : bScholastic ,c2011. a32 unnumbered pages : bcolor illustrations ;c23 x 28 cm .  aJerry Pallotta's Alphabet Books aN 8 a550 bLexile estimate 8 aN bRaz-Plus  aMilitaryvFiction aFraser, Vickie eIllustrator